E-JUSTICE PRACTICAL GUIDE FOR THE BENCH AND THE BAR (Record no. 216310)

MARC details
000 -LEADER
fixed length control field 00544nam a22001817a 4500
008 - FIXED-LENGTH DATA ELEMENTS--GENERAL INFORMATION
fixed length control field 251127b |||||||| |||| 00| 0 eng d
020 ## - INTERNATIONAL STANDARD BOOK NUMBER
International Standard Book Number 978-81-7534-809-7
050 ## - LIBRARY OF CONGRESS CALL NUMBER
Classification number K 3700.P 36 2009
100 ## - MAIN ENTRY--PERSONAL NAME
Personal name PANDURANGAN K.
245 ## - TITLE STATEMENT
Title E-JUSTICE PRACTICAL GUIDE FOR THE BENCH AND THE BAR
250 ## - EDITION STATEMENT
Edition statement 2009
260 ## - PUBLICATION, DISTRIBUTION, ETC.
Place of publication, distribution, etc. DELHI
Name of publisher, distributor, etc. UNIVERSAL LAW PUBLISHING
Date of publication, distribution, etc. 2009
300 ## - PHYSICAL DESCRIPTION
Extent X,310
500 ## - GENERAL NOTE
General note INCLUDES SUBJECT INDEX
650 ## - SUBJECT ADDED ENTRY
Topical term or geographic name entry element JUSTICE ADMINISTRATION OF DATA PROCESSING...COURTS -AUTOMATION
942 ## - ADDED ENTRY ELEMENTS (KOHA)
Source of classification or shelving scheme Library of Congress Classification
Koha item type Long Loan Book
Holdings
Withdrawn status Lost status Source of classification or shelving scheme Damaged status Not for loan Collection Home library Current library Shelving location Date acquired Inventory number Total checkouts Full call number Barcode Date last seen Copy number Price effective from Koha item type
    Library of Congress Classification     Law Kisii University Library Kisii University Library On Display 11/27/2025 110223   K 3700.P 36 2009 000000021429 11/27/2025 C.1 11/27/2025 Long Loan Book
    Library of Congress Classification     Law Kisii University Library Kisii University Library On Display 11/27/2025 110224   K 3700.P 36 2009 000000021430 11/27/2025 C.2 11/27/2025 Long Loan Book
    Library of Congress Classification     Law Kisii University Library Kisii University Library On Display 11/27/2025 110225   K 3700.P 36 2009 000000018932 11/27/2025 C.3 11/27/2025 Long Loan Book